The Book of Lists /

Guardado en:
Bibliografiske detaljer
Hovedforfatter: Wallechinsky, David (autor)
Andre forfattere: Wallace, Irving (autor) (autor), Wallace, Amy (autor) (autor)
Format: Bog
Sprog:engelsk
Udgivet: Londres, Inglaterra : Corgi Books, 1977, c1977
Tags: Tilføj Tag
Ingen Tags, Vær først til at tagge denne postø!

MARC

LEADER 00000nam^a2200000^a^4500
001 000427054
005 20250526000000.0
009 20260310122758.927
020 |a 0-552-10747-6 
037 |a Acervo ITESO - Biblioteca 
041 |a ING 
091 |a FHM. 03051 
100 |a Wallechinsky, David  |e (autor) 
245 1 4 |a The Book of Lists / 
264 4 |a Londres, Inglaterra :  |b Corgi Books,  |c 1977, c1977 
300 |a XX, 519 p. ;  |c 18.5 cm. 
336 |a texto  |b txt  |2 rdacontenido 
337 |a sin mediación  |b n  |2 rdamedio 
338 |a volumen  |b nc  |2 rdasoporte 
649 |a XX 
700 |a Wallace, Irving  |e (autor) 
700 |a Wallace, Amy  |e (autor) 
910 |a Fondo Hugo B. Margáin 
920 |a Impresos - Libros 
930 |a Libros Antiguos y Raros 
905 |a 126 
901 |a 0500304330  |b IT2  |c LRA  |i D110581  |u 20250526 
902 |a https://opac.biblio.iteso.mx/vufind/Record/000427054